000 00531nam a2200193Ia 4500
008 220216s9999 xx 000 0 und d
100 _aGorl U
245 0 _aInvestigation of the influence of white fillers on the formation of N-Nitrosoamines in rubber compounds
260 _bKautschuk Gummi Kunststoffe
_c1994
300 _a430-435
650 _aFiller
650 _aN-nitrosoamine
650 _aRubber compound
700 _aBomal Y
700 _aCochet P
700 _aDe Kok J J
700 _aMuller H
942 _cJS
999 _c61630
_d61630